000 00351nam a2200157Ia 4500
003 OSt
005 20240123114159.0
008 170524s9999 xx 000 0 und d
020 _a9780198062295
040 _ciimtu
100 _aSadiku Matthe
245 0 _aPrinciples of electronomagnetics
260 _bOxford
260 _c2009
942 _2ddc
_c02
999 _c5696
_d5696